Ética (Registro nro. 10319)
[ vista simple ]
| 000 -CABECERA | |
|---|---|
| campo de control de longitud fija | 00618nam a22002537a 4500 |
| 005 - FECHA Y HORA DE ACTUALIZACIÓN | |
| campo de control | 20180119185437.0 |
| 008 - LONGITUD FIJA | |
| campo de control de longitud fija | 180119b xxu||||| |||| 00| 0 spa d |
| 020 ## - INTERNATIONAL STANDARD BOOK NUMBER | |
| Número Internacional Estándar del Libro | 968422997-0 |
| 041 ## - IDIOMA | |
| Código de idioma del texto/pista de sonido o título separado | |
| 082 ## - CLASIFICACIÓN DECIMAL DEWEY | |
| Número de clasificación | 174 E74p |
| 100 ## - AUTOR PERSONAL | |
| Nombre de persona | Escobar Valenzuela, Gustavo |
| 245 ## - TÍTULO PROPIAMENTE DICHO | |
| Título | Ética |
| 250 ## - EDICIÓN | |
| Mención de edición | 4 edición |
| 260 ## - PIE DE IMPRENTA | |
| Lugar de publicación, distribución, etc. | México |
| 260 ## - PIE DE IMPRENTA | |
| Nombre del editor, distribuidor, etc. | McGraw-Hill |
| 260 ## - PIE DE IMPRENTA | |
| Fecha de publicación, distribución, etc. | 2000 |
| 300 ## - DESCRIPCIÓN FÍSICA | |
| Extensión | 223 páginas |
| 650 ## - Materia General | |
| Materia general | ÉTICA |
| 650 ## - Materia General | |
| Materia general | FILOSOFÍA |
| 650 ## - Materia General | |
| Materia general | ESENCIA MORAL |
| 650 ## - Materia General | |
| Materia general | PROBLEMAS DE LA ÉTICA |
| 650 ## - Materia General | |
| Materia general | DOCTRINAS ÉTICAS |
| 942 ## - Punto de Acceso Adicional Koha | |
| Tipo de ítem Koha | Libro |
| Estado perdido | Estado dañado | No para préstamo | Biblioteca permanente | Biblioteca actual | Signatura completa | Código de barras | Precio efectivo a partir del | Tipo de ítem |
|---|---|---|---|---|---|---|---|---|
| Departamento de Biblioteca y Documentación Alfonso Chase Brenes | Departamento de Biblioteca y Documentación Alfonso Chase Brenes | 174 E74p | 6607 | 19/01/2018 | Libro | |||
| Departamento de Biblioteca y Documentación Alfonso Chase Brenes | Departamento de Biblioteca y Documentación Alfonso Chase Brenes | 174 E74p | 6608 | 19/01/2018 | Libro |